Plantas que pintan (Registro nro. 7263)

Detalles MARC
000 -CABECERA
Campo de control 00658nam a2200241 a 4500
005 - FECHA Y HORA DE LA ULTIMA TRANSACCION
Campo de control 20160109084717.0
008 - ELEMENTOS DE LONGITUD FIJA—INFORMACION GENERAL
Campo de control 140117b2004 ck ||||| |||| 00| 0 spa d
040 ## - FUENTE DE CATALOGACIÓN
Agencia catalogadora original CO-BoIAVH
Agencia transcriptora CO-BoIAVH
041 ## - IDIOMA
Código de idioma para texto/pista de sonido o título separado Español
044 ## - PAÍS DE PUBLICACIÓN
País de publicación Colombia
082 10 - NUMERO DE CLASIFICACION DECIMAL DEWEY
Número de clasificación 581.636
Número del ítem S22p
100 1# - ASIENTO PRINCIPAL--NOMBRE PERSONAL
Nombre personal Sanjuan, Tatiana
9 (RLIN) 4087
245 1# - MENCION DE TITULO
Título Plantas que pintan
260 ## - PUBLICACION, DISTRIBUCION, ETC. (PIE DE IMPRENTA)
Lugar de publicación, distribución, etc. Chocó:
Nombre del editor, distribuidor, etc. Fundación Inguedé,
Fecha de publicación, distribución, etc. 2004.
300 ## - DESCRIPCION FISICA
Extensión 20 páginas
650 1# - ASIENTO SECUNDARIO DE MATERIA - TERMINO TEMATICO
Término temático o nombre geográfico como elemento de entrada plantas útiles
9 (RLIN) 49092
650 1# - ASIENTO SECUNDARIO DE MATERIA - TERMINO TEMATICO
Término temático o nombre geográfico como elemento de entrada Botánica industrial
9 (RLIN) 49093
650 1# - ASIENTO SECUNDARIO DE MATERIA - TERMINO TEMATICO
Término temático o nombre geográfico como elemento de entrada Plantas textiles
9 (RLIN) 49094
700 1# - ASIENTO SECUNDARIO - NOMBRE PERSONAL
Nombre personal Mena , Ramón
9 (RLIN) 4088
700 1# - ASIENTO SECUNDARIO - NOMBRE PERSONAL
Nombre personal Córdoba, Nevis Adolfo
9 (RLIN) 4089
942 ## - ELEMENTOS ADICIONALES (KOHA)
Tipo de ítem Folleto
Sistema de clasificación Dewey Decimal Classification
945 ## - PROCESAMIENTO LOCAL
AAAA-MM-DD - Fecha de ingreso o modificacion 2010-02-16
Existencias
Withdrawn status Lost status Sistema de Clasificación Damaged status No para préstamo Colección Inventariado Ubicación Permanente Ubicación actual Fecha de adquisición Total Checkouts Número topográfico Inventario / Código de Barras Date last seen Ejemplar Price effective from Forma de adquisición Tipo de material
    Dewey Decimal Classification     General Inventariado 2017 Bogotá Bogotá 16/02/2010   LB-581.636 S22p 027894 04/12/2012 Ej. 1 04/12/2012   Folleto